| 000 | 00590nam a2200217Ia 4500 | ||
|---|---|---|---|
| 005 | 20250508162748.0 | ||
| 008 | 008 250505s9999 xx 000 0 eng d | ||
| 020 | _a0-08-036767-4 | ||
| 037 | _aReference | ||
| 040 |
_aFEDL _beng _cFEDL |
||
| 041 |
_aeng _2eng |
||
| 084 |
_a370, REY _qFEDL |
||
| 100 |
_aReynolds Maynard C Ed. _9773703 |
||
| 245 | 0 | _aKnowledge base for the beginning teacher | |
| 260 |
_aOxford _bPergamon Press Ltd. _c1989 |
||
| 300 | _axii,305p | ||
| 365 |
_aGBP _b47 |
||
| 650 | _aEducation | ||
| 942 |
_cREF _h370, REY |
||
| 999 |
_c1378550 _d1378550 |
||